Modernismo, nacionalismo y fundación Americana en la génesis de la poesía chilena del Siglo XX
Na minha lista:
| Autor principal: | |
|---|---|
| Formato: | Desconhecido |
| Publicado em: |
Venezuela
Universidad Simón Bolivar
|
| Assuntos: | |
| Tags: |
Adicionar Tag
Sem tags, seja o primeiro a adicionar uma tag!
|
MARC
| LEADER | 000000000a22000000004500 | ||
|---|---|---|---|
| 001 | 002236 | ||
| 022 | |a 0798-958-X | ||
| 100 | 1 | |a Nomez, Nain | |
| 245 | 1 | 0 | |a Modernismo, nacionalismo y fundación Americana en la génesis de la poesía chilena del Siglo XX |
| 260 | |a Venezuela |b Universidad Simón Bolivar | ||
| 310 | |a semestral | ||
| 650 | 4 | |a LITERATURA CHILENA | |
| 650 | 4 | |a POESIA | |
| 650 | 4 | |a SIGLO XX | |
| 650 | 4 | |a HISTORIA Y CRITICA | |
| 773 | 0 | |t Estudios |b Revista de Investigaciones Literarias | |
| 773 | 0 | |g 4 | |
| 773 | 0 | |g 7 | |
| 773 | 0 | |g 1996 | |
| 773 | 0 | |g 21-37 | |
| 999 | |c 3119 |d 3119 | ||
